| 000 | 00613nam a2200205Ia 4500 | ||
|---|---|---|---|
| 003 | OSt | ||
| 005 | 20240902113005.0 | ||
| 008 | 210210b1969 xxu||||| |||| 00| 0 eng d | ||
| 040 | _cAL | ||
| 041 | _aKannada | ||
| 082 | _a398.2K BADB | ||
| 100 |
_aBADEKILA VENKATARAMANA BHATTA. _dಬಡೇಕಿಲ ವೆಂಕಟರಮಣ ಭಟ್ಟ _9178432 |
||
| 245 |
_aBhima vijaya. (yakshagana). _bಭೀಮ ವಿಜಯ. (ಯಕ್ಷಗಾನ) |
||
| 260 |
_aPutturu. _bVani Printary., _c1969 |
||
| 300 | _a40 | ||
| 650 |
_aYakshagana _9178433 |
||
| 690 |
_aYakshagana _9178433 |
||
| 906 | _a042189 | ||
| 942 |
_2ddc _cBK |
||
| 999 |
_c92248 _d92248 |
||